000 00821nam a2200229 a 4500
001 000035926
005 20200930074727.0
008 111116s2002 dr ac 001 0 spa d
040 _aDO-SdBNP
_bspa
_cBNPHU
082 _a617.96
_bH557f, 2002
100 1 _aHernández Polanco, Rafael
_961949
245 1 0 _aFundamentos de anestesiología /
_cRafael Hernández Polanco.
250 _a2a ed. ampl.
260 _aSanto Domingo :
_bMediabyte,
_c2002.
300 _a297 p. :
_bil., retrs. ;
_c22 cm.
500 _aLa biblioteca posee la primera reimpresión de la segunda edición ampliada de 2009.
500 _aIncluye índice de materia
504 _aIncluye bibliografía al final de los capítulos
590 _aInventariado,2018/DG
650 4 _aAnestesiología
_920118
910 _aValidado. Control de calidad MFF
999 _c35417
_d35417